| 000 | 00654nam a2200217Ia 4500 | ||
|---|---|---|---|
| 005 | 20230208153313.0 | ||
| 008 | 210716s2010 xx 000 0 und d | ||
| 020 | _a9789380108421 | ||
| 040 | _cAIMIT LIBRARY | ||
| 041 | _aeng | ||
| 082 |
_a794.8 _22 _bPEDR |
||
| 100 |
_aPedersen, Roger E. _971419 |
||
| 245 |
_aGame design foundations / _cBy Roger E Pedersen. |
||
| 250 | _a2nd ed. | ||
| 260 |
_aNew Delhi : _bJones and Bartlett Publishers , _c2010. |
||
| 300 |
_axv,381p. ; _c23 cm. |
||
| 650 |
_aGame genres _971420 |
||
| 650 |
_aGame concepts and ideas _971421 |
||
| 650 |
_aGame narrative scriptwriting _971422 |
||
| 942 |
_2ddc _cBK _k794.8 PEDR |
||
| 999 |
_c190605 _d190605 |
||